Исполнители сотрудничавшие с Mzlff - Statistics

General Stats
  • This quiz has been taken 5 times
    2 since last reset
  • The average score is 18 of 34
Answer Stats
Кол-во треков Исполнитель % Correct
5 Слава КПСС
100%
2 BOOKER
100%
4 CMH
100%
1 GSPD
100%
2 N.MASTEROFF
100%
1 Pyrokinesis
100%
5 STED.D
100%
3 ксх
50%
3 СТИНТ
50%
3 ИзТолпЫ
50%
1 всегдамечтал
50%
1 Серега Пират
50%
1 Куок
50%
1 Фрик Пати
50%
1 Никита Мастяк
50%
1 ШАРЫ
50%
1 Екатерина Яшникова
50%
1 Юг 404
50%
1 Beatcaster
50%
1 DK
50%
2 FirstFeel
50%
1 JackLooney
50%
1 OttO
50%
2 Playingtheangel
50%
1 qwiza
50%
1 Rauf Hattab
50%
1 Skurt
50%
1 Solovey
50%
1 TRACEMC
50%
1 Наше последнее лето
0%
1 Где Ноар
0%
1 Инфект
0%
1 Канги
0%
1 Лекс 1707
0%
No matching quizzes found
Score Distribution
Percent of People with Each Score
Percentile by Number Answered
Your Score History
You have not taken this quiz since the last reset